Právo na uplatnenie odpisu ako daňového výdavku

Podmienky uplatňovania daňových odpisov ako výdavkov vynaložených na dosiahnutie, zabezpečenie a udržanie príjmov (daňové výdavky). Odpisovanie hmotného a nehmotného majetku. Odpisovanie technického zhodnotenia.

Guardado en:
Detalles Bibliográficos
Autor principal: Kováčová, Zdenka
Formato: Capítulo de libro
Lenguaje:eslovaco
Materias:
Etiquetas: Agregar Etiqueta
Sin Etiquetas, Sea el primero en etiquetar este registro!

MARC

LEADER 00000naa a2200000 4500
001 r037813
005 20230926082456.8
041 0 |a slo 
044 |a SK 
245 1 0 |a Právo na uplatnenie odpisu ako daňového výdavku  |c Zdenka Kováčová 
520 |a Podmienky uplatňovania daňových odpisov ako výdavkov vynaložených na dosiahnutie, zabezpečenie a udržanie príjmov (daňové výdavky). Odpisovanie hmotného a nehmotného majetku. Odpisovanie technického zhodnotenia. 
610 2 0 |a odpisy daňové 
610 2 0 |a výdavky 
610 2 0 |a majetok hmotný 
610 2 0 |a majetok nehmotný 
610 2 0 |a zhodnotenie majetku 
100 1 |a Kováčová, Zdenka